000 00631nam a22002297a 4500
003 UA-OsUOA
001 21550
007 ta
008 20031211b un ||||| |||| 00| 0 ukr d
100 _aМасенко Лариса
090 _a82
_bМ31
942 _cSA
040 _aUA-OsUOA
_bukr
_cUA-OsUOA
_dUA-OsUOA
245 _aЛінгвокультурологія і стратегія мовної політики в дослідженні Романа Кіся
300 _aС.12-16
955 _a0
041 _aukr
080 _a82
044 _aUA
773 0 _w0
_tДивослово
_dК.
_d2003
_g№12
650 7 _2UDC
999 _c307752
_d307752